Zrání symfonická báseň pro veliký orchestr Op. 34. Partitura

Uložené v:
Podrobná bibliografia
Hlavný autor: Suk, Josef, 1874-1935 (Composer)
Médium: Kniha
Jazyk:Czech
Vydané: Praha Bratislava, Supraphon 1967.
Vydanie:1. vyd.
ISBN: (brož.)
Fyzický popis: 183 s.
Tagy: Pridať tag
Žiadne tagy, Buďte prvý kto otaguje tento záznam!

MARC

LEADER 00000nam a2200000 a 4500
001 000180997
005 20101214211813.0
008 040101s1967 xr e czeod
020 |a (brož.)  |c Kčs 90,00 
040 |a SVKKK  |b slo  |c SVKKK  |e AACR2 
041 0 |a cze 
043 |a e-xo--- 
044 |a xr  |c CZ  |a xo  |c SK 
100 1 |a Suk, Josef,  |d 1874-1935  |4 cmp 
245 1 0 |a Zrání  |h hudobnina  |b symfonická báseň pro veliký orchestr  |n Op. 34.  |p Partitura  |c Josef Suk. 
250 |a 1. vyd. 
260 |a Praha  |a Bratislava,  |c Supraphon  |c 1967. 
300 |a 183 s. 
910 |a svkkk 
998 |a BK 
090 |g SCKHL  |k Sklad Pribinova 3. posch.  |a V.67838  |j 395125  |i 180997-10  |s Absenčne